000 00667nam a2200217 a 4500
005 20240228063915.0
008 080304s2002 mx r 000 0 spa d
020 _a8420534757
035 _aUPN01000154734
049 _aI
050 4 _aPZ71
_bJ3.7
100 1 _aJara, Fátima de la
245 1 3 _aLa tierra cumple años /
_cFátima de la Jara ; il. de Gerardo Domínguez.
260 _aMadrid :
_bAlhambra,
_c2002.
300 _a[26] p. :
_bprincipalmente il. col.
440 0 _aCuentos de los 7 colores ;
_v6
650 4 _aCuentos infantiles
_96744
650 4 _aLibros y lectura para niños
_92290
700 1 _aDomínguez, Gerardo,
_eil.
905 _aInfantil
999 _c126850
_d126850